Pokémon - Les attaques de Boréas - Statistiques

Statistiques générales
  • Ce quiz a été pris 18 fois
  • Le résultat moyen est 12 sur 16
Statistiques - réponses
Niveaux Types Noms des attaques % Correct
Niveau 65 Vol Vent Violent
100%
Niveau 60 Eau Danse Pluie
90%
Départ Spectre Étonnement
90%
Niveau 35 Vol Lame d'Air
90%
Niveau 20 Vol Tranch'Air
90%
Niveau 30 Vol Vent Arrière
90%
Niveau 25 Psy Hâte
80%
Niveau 40 Ténèbres Mâchouille
80%
Niveau 15 Ténèbres Morsure
80%
Départ Vol Tornade
80%
Niveau 45 Psy Extrasenseur
70%
Niveau 5 Normal Groz'Yeux
60%
Niveau 70 Normal Mania
60%
Niveau 10 Normal Vantardise
50%
Niveau 55 Combat Marto-Poing
40%
Niveau 50 Normal Brouhaha
20%
Aucun quiz correspondant
Distribution des résultats
% des personnes avec chaque résultat
Percentile par nombre de réponses
Votre historique - résultats
Vous n’avez pas pris ce quiz